|
|
|
|
| LEADER |
00723nam a2200193 a 4500 |
| 001 |
GR-MES2224 |
| 008 |
991111s gr 000 b eng d |
| 020 |
|
|
|a 069108596X
|
| 040 |
|
|
|a GrPaTEI
|b gre
|c GR-PaULI
|
| 245 |
0 |
2 |
|a A natural history of shells.
|
| 260 |
|
|
|a Princeton :
|b Princeton University press,
|c c1993
|
| 300 |
|
|
|a 207σελ. :
|b εικ.
|
| 650 |
|
4 |
|a ΚΟΧΥΛΙΑ
|
| 700 |
1 |
|
|a Vermeij, G.
|
| 710 |
0 |
|
|a Princeton University press
|
| 942 |
|
|
|2 ddc
|
| 952 |
|
|
|0 0
|1 0
|2 ddc
|4 0
|6 594_047000000000000_1_VER
|7 0
|9 266547
|a MSLG
|b MSLG
|c BSC
|d 2021-01-17
|e 24
|f 0
|g 0.00
|l 0
|o 594.047 1 VER
|p 2420000006449
|r 2021-01-17 00:00:00
|t 1
|w 2021-01-17
|y BK15
|x 19991111 0 1
|x GrPaTEI
|
| 971 |
|
|
|a .b25732687
|b 15-04-20
|c 13-09-16
|
| 999 |
|
|
|c 153359
|d 153359
|